00893 2200325 4500001002100000005001500021035002000036007000300056040001700059100002700076245006600103300003100169020002200200041000800222082000800230084001400238090002200252264003700274336002100311337003000332338002300362650001700385700003400402850001000436008004100446250001100487990002300498990002300521990002300544INLIS00000000000678220260410102633 a0010-0622000117ta aSBPUPADbind0 aJanu IsmadiePengarang1 aEnsiklopedia ,Sahabat Ku Seri FISIKA Untuk SMP /cJanu Ismadi a102 hlm :billus. ;c28 cm a978-979-3644-27-10 aind a503 a503 JAN e a503 JAN e RA 28-2 a.--Jakarta :bCv Ricardo,,c2009 2rdacontentaTeks 2rdamediaaTanpa Perantara 2rdacarrieravolume 4aEnsiklopedia aEditor, ErminawatiePengarang aPUPAD260410 0  a.-Ed.1 a9220/H/KAPD-PDG/09 a9223/H/KAPD/PDG/09 a9222/H/KAPD/PDG/09